000 01526nam a2200361 c 4500
003 BLK
005 20230121100811.0
008 180411b bul|||||r ||||||| ||bul||
010 _aKNG00198478000
020 _a978-954-761-292-1
_bиздат.: ИнфоДар - на том(кн. 2)
040 _aBLK
041 _aBUL
_cBUL
072 7 _2bullib
_aН8302
_xФантастика Н
080 _aАнглийска литература
_b821.111
_x-312.9
_z821.111-312.9
100 1 _aСтрауд, Джонатан
_eпърви автор
_9300354
700 1 _aХристов, Борис Рангелов
_eпрев. от англ.
_9367148
139 _aСтрауд, Джонатан
_bС 84
245 1 0 _aТрилогия за Бартимеус
_bРоман : Кн. 1 -
_cДжонатан Страуд; прев. от англ. Борис Рангелов Христов.
_nКн. 2
_pОкото на голема
257 _aGBR
260 София
_c2007 -
300 _c20 см
380 _aX
500 _aСъдържа и за авт.
653 _aфентъзи
653 _aромани
659 _aН
760 1 _3- на том(кн. 2)
_aСтрауд, Джонатан
_dИнфоДар, 2008
_h657 с.
_nОриг. загл. The Golem's Eye / Jonathan Stroud.
_tКн. 2 Окото на голема
852 _aЦб 241970
856 4 _qpdf
_u
856 4 _qpdf
_u
942 _cKNG
_n0
_05
944 _aCR
_c17.12.2016
_lф /
_kВиолета_Тройчева
944 _aED
_c03.01.2017
_lф /
_kЛюдмила_Стоянова
999 _c189435
_d189435